000 00430nam a2200169Ia 4500
008 131103s9999 xx 000 0 und d
040 _aLoreto College
041 _aEnglish
082 _aF/MAC
_bLCLIB/34377
100 _aMacdonald,Ross
245 _aSleeping Beauty
_cRoss Macdonald
260 _aToronto
_bBantam Books
_c1973
300 _a245 p.
_c 18 cm.
650 _aFiction in English
850 _aLCLIB
942 _cBK
999 _c16086
_d66565